Sports Quiz

Random Sports or Golf Quiz

Tiger Woods Championship Sites Quiz Stats

 Plays Quiz not verified by Sporcle

Challenge
Share
Tweet
Embed
Score 0/14 Timer 06:00
0 Plays Today
Championship Events Golf Site % Correct
1997 Masters Championship Augusta National Golf Club
100%
2001 Masters Tournament Augusta National Golf Club
100%
2002 Masters Tournament Augusta National Golf Club
100%
2005 Masters Tournament Augusta National Golf Club
100%
2000 U.S. OpenPebble Beach
97.8%
2000 The Open ChampionshipSt Andrews
93.3%
2005 The Open ChampionshipSt Andrews
93.3%
Championship Events Golf Site % Correct
2008 U.S. OpenTorrey Pines Golf Course
86.5%
2002 U.S. OpenBethpage State Park
83.1%
1999 PGA ChampionshipMedinah Country Club
64%
2006 PGA ChampionshipMedinah Country Club
64%
2000 PGA ChampionshipValhalla Golf Club
60.7%
2006 The Open ChampionshipRoyal Liverpool Golf Club
48.3%
2007 PGA ChampionshipSouthern Hills Country Club
46.1%

You're not logged in!

Compare scores with friends on all Sporcle quizzes.
OR
Log In

You Might Also Like...

Show Comments

Extras

Top Quizzes Today


Score Distribution

Your Account Isn't Verified!

In order to create a playlist on Sporcle, you need to verify the email address you used during registration. Go to your Sporcle Settings to finish the process.

Report this User

Report this user for behavior that violates our Community Guidelines.

Details: